[Event "Sachsen-ch U18"]
[Site "Sebnitz"]
[Date "2012.04.14"]
[Round "7"]
[White "Knabe, Sascha"]
[Black "Dumke, Fabian"]
[Result "1/2-1/2"]
[WhiteElo "1575"]
[BlackElo "1581"]
[PlyCount "31"]
[EventDate "2012.04.10"]
[EventType "swiss"]
[EventRounds "7"]
[EventCountry "GER"]
[SourceTitle "CBM 148 Extra"]
[Source "ChessBase"]
[SourceDate "2012.06.22"]
[SourceVersion "1"]
[SourceVersionDate "2012.06.22"]
[SourceQuality "1"]

1. e4 e5 2. Nf3 Nc6 3. d4 exd4 4. Bc4 d6 5. Nxd4 Nf6 6. Nxc6 bxc6 7. e5 dxe5 8. Qxd8+ Kxd8 9. Bxf7 Bc5 10. Bg5 Ba6 11. Nc3 Ke7 12. Bb3 Rad8 13. f3 Rd7 14. Ne4 Bb6 15. Nd2 h6 16. Bh4 1/2-1/2

[Event "Sachsen-ch U18"]
[Site "Sebnitz"]
[Date "2012.04.11"]
[Round "2"]
[White "Mueller, Marius"]
[Black "Knabe, Sascha"]
[Result "1-0"]
[WhiteElo "2000"]
[BlackElo "1575"]
[PlyCount "83"]
[EventDate "2012.04.10"]
[EventType "swiss"]
[EventRounds "7"]
[EventCountry "GER"]
[SourceTitle "CBM 148 Extra"]
[Source "ChessBase"]
[SourceDate "2012.06.22"]
[SourceVersion "1"]
[SourceVersionDate "2012.06.22"]
[SourceQuality "1"]

1. e4 e5 2. Nf3 Nf6 3. Nc3 Nc6 4. Bc4 Nxe4 5. Nxe4 d5 6. Bb5 dxe4 7. Nxe5 Bd7 8. Nxc6 Bxc6 9. Bxc6+ bxc6 10. 0-0 Be7 11. Qg4 Qd4 12. d3 0-0 13. Qxe4 Qxe4 14. dxe4 Bf6 15. Bf4 Rfe8 16. f3 Bxb2 17. Rad1 Be5 18. Be3 Kf8 19. Bc5+ Kg8 20. Rd7 Rec8 21. f4 Bc3 22. Rfd1 Ba5 23. Kf2 Bb6 24. Be3 Kf8 25. e5 Re8 26. Bxb6 cxb6 27. Rc7 Rec8 28. Rdd7 Rxc7 29. Rxc7 c5 30. Ke3 h6 31. a4 g5 32. fxg5 hxg5 33. g3 Re8 34. Ke4 f6 35. e6 Rxe6+ 36. Kf5 Re7 37. Rc6 Rf7 38. Rxf6 Rxf6+ 39. Kxf6 g4 40. c4 a6 41. Kf5 Kf7 42. Kxg4 1-0